Humanitárius közbeszerzés az ENSZ Menekültügyi Főbiztosságánál

Bibliográfiai részletek
Szerző: Rétyi Zalán
További közreműködők: Gritsch Dr. Mátyás
Dokumentumtípus: Diplomadolgozat
Kulcsszavak:Humanitárius ellátási lánc
Elektronikus közbeszerzés
ENSZ
Menekültügyi Főbiztosság
UNHCR
Online Access:http://dolgozattar.uni-bge.hu/428

MARC

LEADER 00000nta a2200000 i 4500
001 dolg428
005 20150806114443.0
008 150305suuuu hu om 000 hun d
040 |a BGE Dolgozattár Repozitórium  |b hun 
041 |a hu 
100 1 |a Rétyi Zalán 
245 1 0 |a Humanitárius közbeszerzés az ENSZ Menekültügyi Főbiztosságánál  |c Rétyi Zalán  |h [elektronikus dokumentum] 
695 |a Humanitárius ellátási lánc 
695 |a Elektronikus közbeszerzés 
695 |a ENSZ 
695 |a Menekültügyi Főbiztosság 
695 |a UNHCR 
700 1 |a Gritsch Dr. Mátyás  |e ths 
856 4 0 |u http://dolgozattar.uni-bge.hu/428/1/SZAKDOLGOZAT_R%C3%89TYI_ZAL%C3%81N_QLI1V5.pdf  |z Dokumentum-elérés 
856 4 0 |u http://dolgozattar.uni-bge.hu/428/2/Titkos%C3%ADt%C3%A1s_R%C3%A9tyi_Zal%C3%A1n_QLI1V5.pdf  |z Dokumentum-elérés